000 00586nam a2200253Ia 4500
003 OSt
005 20220912152502.0
006 a|||||r|||| 00| 0
007 ta
008 220909b |||||||| |||| 00| 0 eng d
024 _a44883
037 _cTextual
040 _aCSL
_beng
_cCSL
041 _aeng
082 _aH1e, L2;1
100 _aSinkankas J
245 0 _aGemstone and mineral data book
260 _c1972
300 _ap.
_ccm.
650 _a Mineralogy
650 _aGeology
942 _hH1e, L2;1
_cTEXL
_2CC
999 _c87250
_d87250